| 000 | 01182nac a22002771u 4500 | ||
|---|---|---|---|
| 010 | _a 2004009843 | ||
| 020 | _a1593700229 | ||
| 035 | _a(OCoLC)ocm55055251 | ||
| 082 | 0 | 0 |
_a622.1592 _bGAD |
| 090 |
_c8598 _d8598 |
||
| 100 | _aGadallah, Mamdouh R. | ||
| 245 | 1 | 0 |
_aApplied seismology : a comprehensive guide to seismic theory and application / _ba comprehensive guide to seismic theory and application / _cby Mamdouh R. Gadallah and Ray L. Fisher. |
| 260 |
_aTulsa, Okla. : _bPennWell,2005. _cc2005. |
||
| 300 |
_axxxii, 473 p. : _bill. (some col.) ; _c29 cm. |
||
| 500 | _aDistributer: Bacca | ||
| 504 | _aIncludes bibliographical references (p. [445]-453) and index. | ||
| 511 | _aCatalogued by: Sara | ||
| 650 | 0 | _aSeismic prospecting. | |
| 650 | 0 |
_aSeismic reflection method _xData processing. |
|
| 650 | 0 | _aSeismology. | |
| 650 | 0 |
_aGeophysics _xMathematics. |
|
| 700 | 1 | _aFisher, Ray L. | |
| 856 | 4 | 1 |
_3Table of contents _uhttp://www.loc.gov/catdir/toc/ecip0417/2004009843.html |
| 942 |
_cBB _k622.1592GAD |
||
| 999 |
_c8598 _d8598 |
||